Estudio de movimientos y tiempos / (Registro nro. 5636)

Detalles MARC
000 -LEADER
fixed length control field 01658nam a2200313Ia 4500
003 - CONTROL NUMBER IDENTIFIER
control field OSt
005 - DATE AND TIME OF LATEST TRANSACTION
control field 20210104120816.0
008 - FIXED-LENGTH DATA ELEMENTS--GENERAL INFORMATION
fixed length control field 191128s1979 sp aod gr 001 0 spa d
020 ## - INTERNATIONAL STANDARD BOOK NUMBER
International Standard Book Number 8403190069
040 ## - CATALOGING SOURCE
Original cataloging agency CO-JMCR
Transcribing agency CO-JMCR
041 1# - LANGUAGE CODE
Language code of text/sound track or separate title spa
Language code of original eng
082 04 - DEWEY DECIMAL CLASSIFICATION NUMBER
Classification number 658.542 /
Item number B261e
Edition number 23
100 1# - MAIN ENTRY--PERSONAL NAME
Personal name Barnes, Ralph M.,
Relator term autor
9 (RLIN) 12609
245 10 - TITLE STATEMENT
Title Estudio de movimientos y tiempos /
Statement of responsibility, etc. Ralph M. Barnes ; traducción Ricardo Garcia-Pelayo Alonso
250 ## - EDITION STATEMENT
Edition statement Quinta edición
260 ## - PUBLICATION, DISTRIBUTION, ETC.
Place of publication, distribution, etc. Madrid :
Name of publisher, distributor, etc. Aguilar,
Date of publication, distribution, etc. 1979
300 ## - PHYSICAL DESCRIPTION
Extent xvii, 746 páginas, [4] hojas plegables :
Other physical details ilustraciones, fotografías y gráficos a blanco y negro ;
Dimensions 22 cm.
490 0# - SERIES STATEMENT
Series statement Economía de la empresa
500 ## - GENERAL NOTE
General note Incluye notas a pie de página e índices alfabético, de autores, y de materias.
504 ## - BIBLIOGRAPHY, ETC. NOTE
Bibliography, etc. note Bibliografía: páginas 717-731
505 0# - FORMATTED CONTENTS NOTE
Formatted contents note Definición y objeto del estudio de movimientos y tiempos -- Historia del estudio de movimientos y tiempos -- Procedimiento general de resolución de problemas -- Límites de aplicación del estudio de movimientos y tiempos -- Estudio de métodos de trabajo.
520 3# - SUMMARY, ETC.
Summary, etc. Las expresiones "estudios de tiempos" y "estudios de movimientos" han sido interpretadas de muy diversas maneras desde su origen. El estudio de tiempos, iniciado por Taylor, fue principalmente utilizado para los sistemas de valoración, y el estudio de mo
534 ## - ORIGINAL VERSION NOTE
Introductory phrase Motion and time study desing and measurement of work
546 ## - LANGUAGE NOTE
Language note Traducido del inglés
650 14 - SUBJECT ADDED ENTRY--TOPICAL TERM
Topical term or geographic name entry element Análisis ocupacional
9 (RLIN) 12610
650 14 - SUBJECT ADDED ENTRY--TOPICAL TERM
Topical term or geographic name entry element Medición del trabajo
9 (RLIN) 12611
700 1# - ADDED ENTRY--PERSONAL NAME
Personal name Garcia-Pelayo Alonso, Ricardo,
Relator term traductor
9 (RLIN) 12612
942 ## - ADDED ENTRY ELEMENTS (KOHA)
Source of classification or shelving scheme Dewey Decimal Classification
Koha item type Books
Existencias
Withdrawn status Lost status Source of classification or shelving scheme Damaged status Not for loan Home library Current library Date acquired Source of acquisition Full call number Barcode Date last seen Copy number Koha item type
    Dewey Decimal Classification     Biblioteca Pública José María del Castillo y Rada Biblioteca Pública José María del Castillo y Rada 04/15/2018 Donación 658.542 / B261e 430003869 05/16/2024 Ej.1 Books